<?xml version="1.0" encoding="UTF-8"?>
<marc:record xmlns:marc="http://www.loc.gov/MARC21/slim">
   <marc:leader>00000nam a2200000 a 4500</marc:leader>
   <marc:datafield ind1="1" ind2=" " tag="100">
      <marc:subfield code="a">Sautner, Thomas</marc:subfield>
      <marc:subfield code="4">aut</marc:subfield>
      <marc:subfield code="e">Verfasser/-in</marc:subfield>
   </marc:datafield>
   <marc:datafield ind1=" " ind2=" " tag="653">
      <marc:subfield code="a">Freundschaft</marc:subfield>
   </marc:datafield>
   <marc:datafield ind1=" " ind2=" " tag="653">
      <marc:subfield code="a">Leben</marc:subfield>
   </marc:datafield>
   <marc:datafield ind1=" " ind2=" " tag="653">
      <marc:subfield code="a">Alter</marc:subfield>
   </marc:datafield>
   <marc:datafield ind1=" " ind2=" " tag="653">
      <marc:subfield code="a">Frau</marc:subfield>
   </marc:datafield>
   <marc:datafield ind1=" " ind2=" " tag="653">
      <marc:subfield code="a">Generation</marc:subfield>
   </marc:datafield>
   <marc:datafield ind1="0" ind2="0" tag="245">
      <marc:subfield code="a">Nur zwei alte Männer</marc:subfield>
   </marc:datafield>
   <marc:datafield ind1=" " ind2="1" tag="264">
      <marc:subfield code="b">Picus Verlag</marc:subfield>
      <marc:subfield code="c">2023</marc:subfield>
   </marc:datafield>
   <marc:datafield ind1="1" ind2=" " tag="520">
      <marc:subfield code="a">Der ehemalige Starfotograf Joseph Wasserstein und der Tänzer Hakim Elvedin wohnen Garten an Garten am Rande Wiens. Sie erhalten eines Tages Besuch von Julia, die erfahren hat, dass Joseph Wasserstein ihr leiblicher Vater sein könnte. Unter dem Vorwand, an einer Publikation über den Fotografen zu arbeiten, verbringt sie einen Sommer bei den skurrilen alten Männern, die ihr langsam zur Familie werden. Eines Abends aber ist alles nicht wie sonst und in Folge hält ein nie dagewesenes überirdisches Ereignis die ganze Welt wochenlang in Atem.</marc:subfield>
   </marc:datafield>
   <marc:datafield ind1=" " ind2=" " tag="020">
      <marc:subfield code="a">9783711721327</marc:subfield>
      <marc:subfield code="9">9783711721327</marc:subfield>
   </marc:datafield>
</marc:record>
